Analysis of thermocouples and their use in the automotive industry

Gespeichert in:
Bibliographische Detailangaben
1. Verfasser: Voloshyna, Iryna (Verfasst von)
Weitere Verfasser: Dzurilla, Michal (Betreuung Doktorarbeit)
Format: Manuskript Buch
Sprache:Slowakisch
Englisch
Veröffentlicht: 2023
Schlagworte:
Online-Zugang:http://is.stuba.sk/zp/portal_zp.pl?podrobnosti=180272
Tags: Tag hinzufügen
Keine Tags, Fügen Sie das erste Tag hinzu!

MARC

LEADER 00000ntm a22000003a 4500
001 stuzp95329
003 SK-STU
005 20230909224105.8
007 ta
008 150427s2015----xo-----f-mn---000-0-slo-d
040 |a STU  |b slo 
041 0 |a eng 
100 1 |a Voloshyna, Iryna  |u 020010  |4 aut  |U SjF Strojnícka fakulta  |T SjF Ústav aplikovanej mechaniky a mechatroniky  |X 119377  |U J0010  |Y 801  |7 119377 
242 0 1 |a Analýza termočlánkov a ich využitie v automobilovom priemysle  |y slo 
245 1 0 |a Analysis of thermocouples and their use in the automotive industry 
260 |c 2023 
650 4 |a termočlánky  |2 slo 
650 4 |a 3D model  |2 slo 
650 4 |a vysokonapäťové káble  |2 slo 
650 4 |a 3D model  |2 eng 
650 4 |a thermocouples  |2 eng 
650 4 |a high voltage cables  |2 eng 
700 1 |a Dzurilla, Michal  |u 020010  |k Z2  |4 ths  |U SjF Strojnícka fakulta  |T SjF Ústav aplikovanej mechaniky a mechatroniky  |X 68105  |U J0010  |Y 801  |7 A000068105 
856 4 |u http://is.stuba.sk/zp/portal_zp.pl?podrobnosti=180272